| 000 | 00477nam a22002051a 4500 | ||
|---|---|---|---|
| 001 | 3001 | ||
| 003 | OSt | ||
| 005 | 20260204211834.0 | ||
| 008 | 040524s1996||||sp ||||||b||||||||||spa|| | ||
| 020 | _a8475670369 | ||
| 050 | _a822.33 S14m | ||
| 082 | _a808.85 S14m | ||
| 100 | _aShakespeare, William | ||
| 245 | _aEl mercader de Venecia / William Shakespeare | ||
| 250 | _a2 | ||
| 264 | _aEspaña : Alba | ||
| 300 | _a125 p. | ||
| 650 | _aDrama InglésÌ | ||
| 942 |
_2ddc _cBK |
||
| 999 |
_c3001 _d3001 |
||